Datum a čas kvízu
15
Celkem bodů
Celkový počet nahraných bodů na tomto kvízu bez doplňovacích otázek.
11.
Pořadí na kvízu
Konečné umístění týmu na tomto kvízu.
Zaznamenané odpovědi
| # | Otázka | Odpověď | Body | Výsledky |
|---|---|---|---|---|
| 1. | V pondělí jsme se dozvěděli, ž... | nedodržení bezpečné vzdálenosti | 0 | |
| 2. | Minulý týden bylo oznámeno obn... | Moskvič | 0 | |
| 3. | Jistá česká herečka má oficiál... | Simona Stašová | 0 | |
| 4. | V pondělí, po pěti dnech letu,... | Orion | 0 | |
| 5. | Ve dvou úvodních zápasech kter... | Polsko | 0 | |
| 6. | V následujících pěti otázkách... | bar, torr, atmosféra / pascal | 0.5 | |
| 7. | Která z následujících jednotek... | B | 0 | |
| 8. | Na lidské tělo, jehož odpor je... | 300 V | 0 | |
| 9. | Přiřaďte tyto jednotky k přísl... | 1C 2A 3B 4D | 0 | |
| 10. | Uzel je jednotka rychlosti pou... | B | 0 |